The Art of War 1500 BC-AD 1600 (Record no. 322968)
[ view plain ]
| 000 -LEADER | |
|---|---|
| fixed length control field | 00289 a2200121 4500 |
| 001 - CONTROL NUMBER | |
| control field | 87895 |
| 003 - CONTROL NUMBER IDENTIFIER | |
| control field | NUST |
| 082 ## - DEWEY DECIMAL CLASSIFICATION NUMBER | |
| Classification number | 943.086 AND |
| 100 ## - MAIN ENTRY--PERSONAL NAME | |
| Personal name | Quercus,Pub |
| 9 (RLIN) | 9750 |
| 245 ## - TITLE STATEMENT | |
| Title | The Art of War 1500 BC-AD 1600 |
| Medium | English |
| 260 ## - PUBLICATION, DISTRIBUTION, ETC. | |
| Place of publication, distribution, etc. | U K |
| Name of publisher, distributor, etc. | Quercus,Pub |
| Date of publication, distribution, etc. | 2013 |
| 300 ## - PHYSICAL DESCRIPTION | |
| Extent | 432p |
| 942 ## - ADDED ENTRY ELEMENTS (KOHA) | |
| Institution code [OBSOLETE] | CAE NUST |
| Koha item type | Book |
| Call number prefix | 943.086 AND |
| Source of classification or shelving scheme | |
| Withdrawn status | Lost status | Damaged status | Not for loan | Collection code | Permanent Location | Current Location | Date acquired | Total Checkouts | Full call number | Barcode | Date last seen | Price effective from | Koha item type |
|---|---|---|---|---|---|---|---|---|---|---|---|---|---|
| College of Aeronautical Engineering (CAE) | College of Aeronautical Engineering (CAE) | 04/03/2017 | 943.086 AND | CAE85975 | 04/05/2017 | 04/05/2017 | Book |
